| 000 | 00734 a2200205 4500 | ||
|---|---|---|---|
| 999 |
_c4821 _d4821 |
||
| 020 | _a9780521154260 (paperback) | ||
| 050 | 0 | 0 | _aHT 1521 THE 2015 |
| 245 | 0 | 0 |
_aTheories of race and ethnicity : _bcontemporary debates and perspectives / _cedited by Karim Murji and John Solomos. |
| 264 | 1 |
_aCambridge : _bCambridge University Press, _c2015. |
|
| 300 | _axiv, 292 p. | ||
| 500 | _aincludes index | ||
| 504 | _aincludes bibliographical references | ||
| 650 | 0 | _aRace. | |
| 650 | 0 | _aEthnicity. | |
| 650 | 0 | _aRacism. | |
| 700 | 1 |
_aMurji, Karim, _d1960- _eeditor. |
|
| 700 | 1 |
_aSolomos, John, _eeditor. |
|
| 942 |
_2lcc _cBK _h1521 _iTHE _kHT |
||